=LDR 00000nam 2200000 4500 =001 INLIS000000000024491 =005 20200819090221 =035 ##$$a 0010-061300000024491 =008 200819################g##########0#ind## =041 ##$$a Ind =082 ##$$a 2X9.8 =090 ##$$a 2X9.8, Kha s =100 1#$$a Khalid, Khalid Muh =245 1#$$a Seorang budiman dan ahli hikamah yang luar biasa, /$c Khalid Muh Khalid =260 ##$$a Bandung :$b cv. Diponegoro,$c 1994 =300 ##$$a 87 hlm, ; $c 11 x 18 cm =650 #4$$a Tokoh tokoh islam =850 ##$$a NBPNMAT =084 ##$$a 2X9.8 KHA s =250 ##$$a cet.1 =990 ##$$a 00044463 =990 ##$$a 1199900331